LEADER 01286cam a22003134a 4500 001 991000617149707536 008 100226s2008 gw a b 001 0 eng d 020 $a9783540237341 (alk. paper) 035 $ab1388492x-39ule_inst 040 $aDip.to Fisica$beng 082 00$a551.56/5$222 084 $aLC QC882.42 084 $a53.2.4 100 1 $aKokhanovsky, Alexander A.$0472691 245 10$aAerosol optics :$blight absorption and scattering by particles in the atmosphere /$cAlexander A. Kokhanovsky 260 $aBerlin ;$aNew York :$bSpringer ;$aChichester, UK :$bPraxis,$cc2008 300 $aviii, 146 p. :$bill. ;$c25 cm 490 1 $aSpringer-Praxis books in environmental sciences 504 $aIncludes bibliographical references (p. [137]-[144]) and index 650 0$aAtmospheric aerosols$xOptical properties. 650 0$aAtmospheric aerosols$xRemote sensing. 650 0$aLight absorption 830 0$aSpringer-Praxis books in environmental sciences 907 $a.b1388492x$b28-01-14$c26-02-10 912 $a991000617149707536 945 $aLE006 53.2.4 KOK$g1$i2006000163965$lle006$op$pE103.95$q-$rl$s- $t0$u1$v0$w1$x0$y.i15083524$z26-02-10 996 $aAerosol optics$9226224 997 $aUNISALENTO 998 $ale006$b26-02-10$cm$da $e-$feng$ggw $h0$i0 LEADER 01343nam 2200433 450 001 9910678160703321 005 20221012210554.0 010 $a1-119-64708-8 010 $a1-119-64705-3 010 $a1-119-64709-6 035 $a(CKB)4100000011248703 035 $a(MiAaPQ)EBC6437587 035 $a(PPN)26013855X 035 $a(EXLCZ)994100000011248703 100 $a20210316d2021 uy 0 101 0 $aeng 135 $aurcnu|||||||| 181 $ctxt$2rdacontent 182 $cc$2rdamedia 183 $acr$2rdacarrier 200 00$aAtlas of clinical dermatopathology $einfectious and parasitic dermatoses /$feditor in chief Gu?nter Burg [and four others] 210 1$aHoboken, NJ :$cWiley Blackwell,$d2021. 215 $a1 online resource (211 pages) 311 $a1-119-64706-1 327 $aBacterial Infections -- Fungal Infections -- Viral Infections -- Parasitoses -- Helminthic Infections (Parasitic Worms) -- Sepsis. 606 $aSkin$xInfections 606 $aSkin$xDiseases 608 $aAtlas 615 0$aSkin$xInfections. 615 0$aSkin$xDiseases. 676 $a616.5 702 $aBurg$b Gu?nter 801 0$bMiAaPQ 801 1$bMiAaPQ 801 2$bMiAaPQ 906 $aBOOK 912 $a9910678160703321 996 $aAtlas of clinical dermatopathology$93069247 997 $aUNINA LEADER 03689oam 2200673zu 450 001 9910830411003321 005 20230617031157.0 010 $a1-280-55674-9 010 $a9786610556748 010 $a0-471-65642-9 010 $a0-471-65643-7 035 $a(CKB)1000000000018970 035 $a(SSID)ssj0000291095 035 $a(PQKBManifestationID)11232781 035 $a(PQKBTitleCode)TC0000291095 035 $a(PQKBWorkID)10249040 035 $a(PQKB)10788770 035 $a(MiAaPQ)EBC4957770 035 $a(Au-PeEL)EBL4957770 035 $a(CaONFJC)MIL55674 035 $a(OCoLC)85820209 035 $a(EXLCZ)991000000000018970 100 $a20160829d2004 uy 101 0 $aeng 135 $aurcnu|||||||| 181 $ctxt 182 $cc 183 $acr 200 00$aCell cycle and growth control : biomolecular regulation and cancer 205 $a2nd ed. 210 31$a[Place of publication not identified]$cWiley Liss$d2004 215 $a1 online resource (802 pages) 300 $aBibliographic Level Mode of Issuance: Monograph 311 $a0-471-25071-6 330 $aThe groups of specialized cells that make up the various human tissues depend on an intricate communication network to regulate gene expression that in turn mediates growth, cell--type specific function, division, and programmed cell death. This network consists of extracellular signals interacting with the receptors of individual cells and determining the fate of each. Since this regulatory system plays a critical role in complex tissue, aberrations or malfunctions often accompany the onset and progression of cancer. Cell Cycle and Growth Control: Biomolecular Regulation and Cancer, Second Edition provides a solid basis for understanding cell cycle and growth control as it relates to biological regulation, with a special emphasis on examining these processes in the context of cancer.; Newly updated with the latest significant advances, this Second Edition features: Cutting--edge applications in clinical diagnostics and therapeutics Focus on mechanisms mediating the control of proliferation Numerous clear illustrations Extensive bibliography Well--recognized, expert chapter authors Video clips on accompanying Web site showing cell cycle control Cell Cycle and Growth Control, Second Edition offers both an introduction to important concepts and detailed discussion of regulatory mechanisms at the cellular, biochemical, genetic, and molecular levels. The only book to comprehensively cover both the foundations and cutting--edge advances in understanding cell cycle and growth control, this text also contains an expert perspective on innovative strategies for cancer treatment, making it a vital companion for researcher and clinician alike. 606 $aCell Cycle$xphysiology 606 $aMutagenesis$xphysiology 606 $aCell Death$xphysiology 606 $aCell Transformation, Neoplastic 606 $aGenomic Instability 606 $aCytology$2HILCC 606 $aBiology$2HILCC 606 $aHealth & Biological Sciences$2HILCC 615 12$aCell Cycle$xphysiology. 615 22$aMutagenesis$xphysiology. 615 22$aCell Death$xphysiology. 615 22$aCell Transformation, Neoplastic. 615 22$aGenomic Instability. 615 7$aCytology 615 7$aBiology 615 7$aHealth & Biological Sciences 676 $a571.84 702 $aPardee$b Arthur B$g(Arthur Beck),$f1921- 702 $aStein$b Gary S 801 0$bPQKB 906 $aBOOK 912 $a9910830411003321 996 $aCell cycle and growth control : biomolecular regulation and cancer$93916323 997 $aUNINA